Hacia un rediseño organizacional de la enseñanza secundaria en el Uruguay
Сохранить в:
| Главные авторы: | , |
|---|---|
| Формат: | |
| Язык: | испанский |
| Опубликовано: |
Montevideo
CEPAL
1995
|
| Предметы: | |
| Метки: |
Добавить метку
Нет меток, Требуется 1-ая метка записи!
|
MARC
| LEADER | 00000nam a2200000 a 4500 | ||
|---|---|---|---|
| 001 | UCU0790 | ||
| 003 | CL-VaPUC | ||
| 008 | 960329e19950000UY |||||||||||||||||spa|d | ||
| 082 | 0 | 4 | |a 373.1 |b MAN |2 21 |
| 100 | |a Mancebo, Ester |e autora |9 356210 | ||
| 700 | 0 | |a Ravela, Pedro |e author |9 356211 | |
| 245 | 1 | 0 | |a Hacia un rediseño organizacional de la enseñanza secundaria en el Uruguay |
| 300 | |a 50 p | ||
| 942 | |c BK | ||
| 945 | |d 19960329 00:00:00 |a rleighto | ||
| 260 | |a Montevideo |b CEPAL |c 1995 | ||
| 650 | 0 | |a Planificación de la educación |9 307333 | |
| 651 | 0 | |a Uruguay |9 255194 | |
| 583 | |a last modification |c 19960329 00:00:00 |k Rodrigo Vera | ||
| 999 | |c 245599 |d 245597 | ||
| 952 | |0 0 |1 0 |4 0 |6 373_100000000000000_MAN_1995 |7 0 |8 P |9 260151 |a BIBEDU |b BIBEDU |c BIBEDU_PB |d 2019-11-19 |i 3175332 |o 373.1 MAN 1995 |p 3175332 |r 2024-01-25 |w 2019-11-19 |y BK |k EPE | ||